000 01496cam a2200361 a 4500
001 EDZ0000072106
003 StDuBDS
005 20161031105130.0
006 m||||||||d||||||||
007 cr |||||||||||
008 120412s2006 enka fo| 000|0|eng d
020 _a9781446212905 (ebook) :
_cNo price
040 _aStDuBDS
_beng
_cStDuBDS
_epn
049 _aAlfaisal Main Library
050 4 _aHQ2037
082 0 4 _a372.820440941
_223
100 1 _aRae, Tina.
245 1 0 _aGood choices
_h[electronic resource] :
_bteaching young people aged 8 to 11 to make positive decisions about their own lives /
_cTina Rae.
260 _aLondon :
_bPaul Chapman,
_c2006.
300 _a1 online resource (vii, 118 p.) :
_bill.
500 _a"A Lucky Duck book".
504 _aIncludes bibliographical references.
520 8 _aDecision making is a skill involving both a cognitive and an affective process. This series of books provide all the material needed to teach a course on decision making at different age levels.
521 _aSpecialized.
588 _aDescription based on print version record.
650 0 _aSocial ethics
_xStudy and teaching (Elementary)
_zGreat Britain.
650 0 _aLife skills
_xStudy and teaching (Elementary)
_zGreat Britain.
655 7 _aElectronic books.
_2local
710 2 _aSage eBooks
776 0 8 _iPrint version :
_z9781412918190
856 4 0 _uhttp://ezproxy.alfaisal.edu/login?url=http://sk.sagepub.com/books/good-choices
942 _2lcc
_cEBOOKS
999 _c479990
_d479990